|
|
|
|
| LEADER |
01386nam a2200373 i 4500 |
| 001 |
40499 |
| 003 |
BD-DhAAL |
| 005 |
20230302115625.0 |
| 008 |
230302t2021 ii 001 0aeng |
| 010 |
|
|
|a 2020340645
|
| 020 |
|
|
|a 9781846144868
|
| 025 |
|
|
|a I-E-2020340645
|
| 037 |
|
|
|b Library of Congress -- New Delhi Overseas Office
|
| 040 |
|
|
|a DLC
|b eng
|e rda
|c DLC
|d DLC
|d BD-DhAAL
|
| 042 |
|
|
|a lcode
|a pcc
|
| 043 |
|
|
|a a-ii---
|
| 050 |
0 |
0 |
|a HC432.5.S434
|b A3 2021
|
| 082 |
|
|
|a 330.092
|
| 100 |
1 |
|
|a Sen, Amartya,
|d 1933-
|e author.
|
| 245 |
1 |
0 |
|a Home in the world :
|b a memoir /
|c Amartya Sen.
|
| 264 |
|
1 |
|a New Delhi :
|b Allen Lane, an imprint of Penguin Books,
|c 2021.
|
| 300 |
|
|
|a xv, 463 pages ;
|c 24 cm.
|
| 500 |
|
|
|a Includes index.
|
| 541 |
|
|
|a Donated By Akbar Ali Khan
|e 40499
|
| 600 |
1 |
0 |
|a Sen, Amartya,
|d 1933-
|
| 600 |
1 |
0 |
|a Sen, Amartya,
|d 1933-
|x Homes and haunts.
|9 53768
|
| 650 |
|
0 |
|a Economists
|z India
|v Biography.
|9 46645
|
| 650 |
|
0 |
|a Philosophers
|z India
|v Biography.
|9 53769
|
| 650 |
|
0 |
|a Nobel Prize winners
|z India
|v Biography.
|9 53770
|
| 650 |
|
0 |
|a Economics.
|
| 852 |
|
|
|a Ayesha Abed Library
|c Akbar Ali Khan Collection
|
| 942 |
|
|
|2 ddc
|c BK
|
| 999 |
|
|
|c 45552
|d 45552
|
| 952 |
|
|
|0 0
|1 0
|2 ddc
|4 0
|6 330_092000000000000_SEN
|7 1
|9 73324
|a BRACUL
|b BRACUL
|c AAKC
|d 2023-03-02
|e Donated By Akbar Ali Khan
|g 3168.00
|l 0
|o 330.092 SEN
|p 3010040499
|r 2023-03-02
|t 1
|w 2023-03-02
|y BK
|x £25.00
|